<?xml version="1.0" encoding="UTF-8"?>
<record
    xmlns:xsi="http://www.w3.org/2001/XMLSchema-instance"
    xsi:schemaLocation="http://www.loc.gov/MARC21/slim http://www.loc.gov/standards/marcxml/schema/MARC21slim.xsd"
    xmlns="http://www.loc.gov/MARC21/slim">

  <leader>01039nam a2200193Ia 4500</leader>
  <datafield tag="952" ind1=" " ind2=" ">
    <subfield code="0">0</subfield>
    <subfield code="1">0</subfield>
    <subfield code="4">0</subfield>
    <subfield code="7">0</subfield>
    <subfield code="a">04</subfield>
    <subfield code="b">04</subfield>
    <subfield code="d">2011-09-07</subfield>
    <subfield code="l">3</subfield>
    <subfield code="o">BF721 B47 1985</subfield>
    <subfield code="p">04 003597</subfield>
    <subfield code="r">2016-12-06</subfield>
    <subfield code="s">2016-12-06</subfield>
    <subfield code="t">1</subfield>
    <subfield code="w">2012-06-24</subfield>
    <subfield code="y">LB</subfield>
  </datafield>
  <datafield tag="999" ind1=" " ind2=" ">
    <subfield code="c">62931</subfield>
    <subfield code="d">62931</subfield>
  </datafield>
  <controlfield tag="008">120625s1985    sp            000 0 spa d</controlfield>
  <datafield tag="020" ind1=" " ind2=" ">
    <subfield code="a">8471120046</subfield>
  </datafield>
  <datafield tag="050" ind1=" " ind2="4">
    <subfield code="a">BF721 </subfield>
    <subfield code="b">B47 1985</subfield>
  </datafield>
  <datafield tag="100" ind1="1" ind2=" ">
    <subfield code="a">Berge, Andr&#xE9;, 1902-.</subfield>
    <subfield code="e">autor</subfield>
  </datafield>
  <datafield tag="245" ind1="1" ind2="3">
    <subfield code="a">El ni&#xF1;o de caracter dificil </subfield>
    <subfield code="c">/ Andre Berg&#xE9;</subfield>
  </datafield>
  <datafield tag="250" ind1=" " ind2=" ">
    <subfield code="a">4a. edici&#xF3;n</subfield>
  </datafield>
  <datafield tag="260" ind1=" " ind2=" ">
    <subfield code="a">Espa&#xF1;a</subfield>
    <subfield code="a">  : Madrid </subfield>
    <subfield code="b"> : Morata</subfield>
    <subfield code="c"> , 1985</subfield>
  </datafield>
  <datafield tag="300" ind1=" " ind2=" ">
    <subfield code="a">172 p&#xE1;ginas</subfield>
    <subfield code="c">; 21 cm.</subfield>
  </datafield>
  <datafield tag="500" ind1=" " ind2=" ">
    <subfield code="a">Traduccion de: L&#x2019;enfant du caracter difficile</subfield>
  </datafield>
  <datafield tag="505" ind1=" " ind2=" ">
    <subfield code="a">Padres y educadores frente al ni&#xF1;o
Los caracteres dif&#xED;cil
La influencia y los padres
Las circunstancias 
De las adaptaciones dif&#xED;ciles a los caracteres dif&#xED;ciles
Formaci&#xF3;n de las perturbaciones del car&#xE1;cter
La infancia en la encrucijada de caminos 
Las dificultades de la vida
Los resortes efectivos 
La influencia del ambiente
La apertura sobre el mundo exterior
El educador y los ni&#xF1;os problema</subfield>
  </datafield>
  <datafield tag="519" ind1=" " ind2=" ">
    <subfield code="a">Plan Flexible /</subfield>
    <subfield code="b">Pedagog&#xED;a /</subfield>
    <subfield code="c">Sistemas de educaci&#xF3;n especial II (P07) / </subfield>
    <subfield code="d">(04 003597)</subfield>
  </datafield>
  <datafield tag="650" ind1=" " ind2="0">
    <subfield code="a">NI&#xD1;OS PROBLEMA</subfield>
  </datafield>
  <datafield tag="942" ind1=" " ind2=" ">
    <subfield code="c">LB</subfield>
  </datafield>
</record>
